The life and times of industrial estates limited (Record no. 49229)

MARC details
000 -LEADER
fixed length control field 00554nam a2200145 a 4500
008 - FIXED-LENGTH DATA ELEMENTS--GENERAL INFORMATION
fixed length control field 120416s1974 ||||||||||||||||| || u
050 ## - LIBRARY OF CONGRESS CALL NUMBER
Classification number HC 117.N8 Geo
100 ## - MAIN ENTRY--PERSONAL NAME
Personal name George, Roy E
245 14 - TITLE STATEMENT
Title The life and times of industrial estates limited
260 ## - PUBLICATION, DISTRIBUTION, ETC.
Place of publication, distribution, etc. Halifax
Name of publisher, distributor, etc. Institute of Public Affairs
Date of publication, distribution, etc. 1974
350 ## - PRICE (NR) (BK AM CF MU VM SE) [OBSOLETE]
Price 0.00
650 ## - SUBJECT ADDED ENTRY--TOPICAL TERM
Topical term or geographic name entry element INDUSTRIALIZATION--ECONOMIC ASPECTS
650 ## - SUBJECT ADDED ENTRY--TOPICAL TERM
Topical term or geographic name entry element INDUSTRY
995 ## - RECOMMENDATION 995 [LOCAL, UNIMARC FRANCE]
-- 0.00
-- CBU-MAIN LIBRARY (Kitwe)
-- 1
-- 6.90
-- 1
-- AVAILABLE
-- Main Library Open Access Collection
Holdings
Withdrawn status Lost status Source of classification or shelving scheme Damaged status Not for loan Home library Current library Shelving location Date acquired Total Checkouts Full call number Barcode Date last seen Price effective from Koha item type
          CBU-MAIN LIBRARY, KITWE. CBU-MAIN LIBRARY, KITWE.   11/30/2022   HC 117.N8 Geo 002803 11/30/2022 11/30/2022 MONOGRAPH